Principios de partidos políticos demócratas cristianos, de centro o populares de América Latina y el Caribe

Gespeichert in:
Bibliographische Detailangaben
Körperschaften: ODCA (VerfasserIn), Organización Demócrata Cristiana de América (VerfasserIn)
Format: Buch
Sprache:Spanisch
Veröffentlicht: Santiago Konrad-Adenauer-Stiftung 2005
Schlagworte:
Tags: Tag hinzufügen
Keine Tags, Fügen Sie den ersten Tag hinzu!

MARC

LEADER 00000nam a2200000 a 4500
001 UCK6562
003 CL-VaPUC
008 051007e20050000CL |||||||||||||||||spa|d
082 0 4 |a 324.28  |b ODC  |2 21 
110 2 |a ODCA  |e author  |9 495951 
710 2 |a Organización Demócrata Cristiana de América  |e author  |9 495952 
245 1 0 |a Principios de partidos políticos demócratas cristianos, de centro o populares de América Latina y el Caribe 
300 |a 387 p 
942 |c BK 
945 |d 20051007 00:00:00  |a jcarroza 
260 |a Santiago  |b Konrad-Adenauer-Stiftung  |c 2005 
600 0 7 |a ORGANIZACION DEMOCRATA CRISTIANA DE AMERICA  |2 CL-VaPUC  |9 482010 
650 0 |a Ideologías políticas   |9 255735 
650 0 |a Partidos políticos  |9 254999 
651 0 |a América Latina   |9 255027 
651 7 |a ISLAS CARIBES  |2 CL-VaPUC  |9 255533 
583 |a last modification  |c 20051007 00:00:00  |k Rodrigo Vera 
999 |c 314838  |d 314836 
952 |0 0  |1 0  |4 0  |6 324_280000000000000_ODC_2005  |7 0  |8 A  |9 387588  |a BIBDER  |b BIBDER  |d 2019-11-22  |i 4171721  |o 324.28 ODC 2005  |p 4171721  |r 2023-01-25  |w 2019-11-22  |y BK  |k DER